| 000 | 00441nam a2200169 a 4500 | ||
|---|---|---|---|
| 005 | 20140310183208.0 | ||
| 008 | 030207s19uu xx 00 eng d | ||
| 022 | _20440218535 | ||
| 050 |
_aPT 8176.18.O335 _b.H693 1997 |
||
| 100 | _aHoeg, Peter. | ||
| 245 |
_aSmilla's sense of snow / _cPeter Hoeg. |
||
| 260 |
_aNew York : _bDell Pub, _c1993. |
||
| 300 |
_a499 p. : _c18 cm. |
||
| 650 | _aFiction | ||
| 942 |
_cBK _2lcc |
||
| 999 |
_c20048 _d20048 |
||